Statistiques concernant Les 20 plus grandes villes autrichiennes

Cliquez ici pour prendre le quiz!

Statistiques générales

  • Ce quiz a été pris 46 fois
  • Le résultat moyen est 7 sur 20

Statistiques - réponses

Indiceréponse% Correct
153 377Salzbourg
100%
1 897 491Vienne
100%
288 806Graz
90%
132 493Innsbruck
88%
204 846Linz
78%
101 403Klagenfurt
43%
62 243Villach
35%
55 514Sankt Pölten
28%
25 906Baden
20%
33 420Feldkirch
20%
25 035Wolfsberg
20%
61 233Wels
18%
24 645Leoben
15%
38 248Steyr
15%
48 121Dornbirn
13%
44 461Wiener Neustadt
13%
29 806Brégence
10%
27 368Klosterneuburg
5%
24 876Krems An Der Donau
5%
28 698Leonding
3%

Distribution des résultats

Percentile par nombre de réponses

% des personnes avec chaque résultat

Votre développement - résultats

Vous n’avez pas pris ce quiz